000 00676nam a2200241Ia 4500
003 OSt
005 20220923213623.0
006 a|||||r|||| 00| 0
007 ta
008 220922b |||||||| |||| 00| 0 hin d
024 _a163,560
037 _cTextual
040 _aARTS
_cARTS
_bhin
041 _2hin
_ahin
082 _aO152,1NBx, K1
100 _aडोमाल, बल्लभ
_9156290
245 0 _aकदम कदम पर
246 _aKadam kadam para
260 _c1960
650 _aहिन्दी साहित्य
_9156264
942 _hO152,1NBx, K1
_cTEXL
_2CC
999 _c318040
_d318040